00511nam a2200145Ia 4500008004100000100002100041245006000062245005500122260000900177300001100186650001300197856006300210999001900273952007300292170221s9999 xx 000 0 und d aAndrew Marshall, 4aThe Choice of Debt Source by UK Firms (pages 729–764) cAndrew Marshall, Laura Mccann and Patrick Mccolgan c2015 a10 : 2 xBusiness uhttp://onlinelibrary.wiley.com/doi/10.1111/jbfa.12194/epdf c313572d313572 001040aCLbCLd2017-02-21l0r2017-02-21 00:00:00w2017-02-21yFOJ